Zenit players since 2000 - Statistics

General Stats
  • This quiz has been taken 16 times
  • The average score is 74 of 235
Answer Stats
Ranking Player Positions Nationality Matches Goals Assists Periods % Correct
20 Axel Witsel CB 162 20 11 2012-2017
100%
32 Anatoliy Tymoshchuk DM 130 13 2 2007-2009, 2013-2015
88%
4 Andrey Arshavin LW 333 69 96 2000-2008, 2010-2011, 2013-2015
88%
9 Artem Dzyuba ST 225 98 65 2015-2022
88%
30 Hulk ST 132 71 49 2012-2016
88%
3 Aleksandr Kerzhakov ST 339 141 64 2001-2006, 2010-2014, 2016-2017
75%
8 Danny AM 230 60 67 2008-2017
75%
45 Javi García DM 97 6 0 2014-2018
75%
46 Malcom AM 95 39 22 2019-2023
75%
6 Nicolas Lombaerts CB 257 11 7 2007-2017
75%
69 Sergey Semak CM 64 12 7 2010-2013
75%
1 Vyacheslav Malafeev GK 376 0 0 2000-2015
75%
2 Aleksandr Anyukov RB 355 12 24 2005-2019
63%
119 Aleksandr Sobolev ST 23 4 2 2024-2025
63%
221 Andrey Ivanov LB 1 0 0 2015-2016
63%
38 Andrey Lunev GK 109 0 0 2016-2021
63%
37 Branislav Ivanovic RB 112 12 3 2016-2020
63%
12 Domenico Criscito LB 205 18 26 2010-2018
63%
53 Fatih Tekke ST 83 26 8 2006-2010
63%
5 Igor Denisov DM 313 28 27 2002-2013
63%
7 Konstantin Zyryanov CM 250 35 41 2007-2014
63%
35 Mikhail Kerzhakov GK 119 0 0 2015-2016, 2018-2024
63%
17 Roman Shirokov CM 174 37 22 2007-2014
63%
44 Sardar Azmoun ST 98 59 21 2018-2022
63%
175 Sergey Ivanov GK 8 0 0 2002-2003, 2004-2005
63%
18 Vladimir Bystrov RW 167 22 24 2002-2005, 2009-2014
63%
43 Yaroslav Rakitskyi CB 100 7 11 2018-2022
63%
36 Yuriy Zhirkov LM 112 4 15 2015-2021
63%
85 Aleksandar Luković CB 50 1 8 2010-2014
50%
10 Aleksandr Erokhin AM 208 35 16 2017-2025
50%
25 Aleksandr Gorshkov DM 144 14 8 2000-2001, 2004-2008
50%
54 Aleksandr Kokorin CF 82 28 10 2015-2019
50%
100 Alessandro Rosina RW 39 6 5 2009-2012
50%
26 Andrey Mostovoy LW 142 31 15 2020-2025
50%
140 Arsen Adamov RB 14 0 2 2021-2024
50%
121 Artur RW 22 4 2 2023-2025
50%
49 Bruno Alves CB 89 2 1 2010-2013
50%
67 Danko Lazovic CF 66 20 17 2010-2012
50%
75 Dejan Lovren CB 59 3 2 2020-2023
50%
141 Denis Adamov GK 13 0 0 2023-2025
50%
14 Douglas Santos LB 185 6 26 2019-2025
50%
106 Emanuel Mammana CB 37 0 1 2017-2020
50%
112 Evgeniy Latyshonok GK 27 0 0 2024-2025
50%
109 Igor Semshov CM 30 7 3 2008-2010
50%
120 Luciano Gondou ST 23 10 1 2024-2025
50%
160 Luiz Henrique RW 11 2 2 2024-2025
50%
125 Maksim Glushenkov CF 20 9 5 2024-2025
50%
147 Mário Fernandes RB 12 0 0 2023-2024
50%
48 Martin Skrtel CB 90 3 1 2004-2008
50%
52 Mateo Cassierra ST 84 31 15 2022-2025
50%
95 Nino CB 42 2 2 2023-2025
50%
71 Nuraly Alip CB 62 1 1 2021-2025
50%
15 Oleg Shatov AM 181 27 36 2013-2020
50%
55 Pavel Pogrebnyak ST 81 33 7 2007-2010
50%
230 Saba Sazonov CB 1 0 0 2020-2021
50%
84 Salomón Rondón ST 51 25 7 2013-2016
50%
34 Sebastián Driussi ST 123 23 20 2017-2021
50%
27 Tomas Hubocan CB 142 1 6 2008-2014
50%
11 Viktor Fayzulin CM 205 25 27 2007-2016
50%
28 Vyacheslav Karavaev RB 136 4 17 2019-2025
50%
33 Wendel CM 126 19 29 2020-2025
50%
13 Wilmar Barrios DM 198 3 6 2018-2025
50%
136 Yuriy Gorshkov LB 15 0 1 2024-2025
50%
24 Yuriy Lodygin GK 145 0 0 2013-2018
50%
76 Alejandro Domínguez AM 57 7 12 2007-2009
38%
66 Aleksandr Bukharov ST 67 14 12 2010-2014
38%
190 Aleksandr Kovalenko CM 6 0 0 2023-2024
38%
88 Artur Yusupov CM 48 1 1 2015-2017
38%
129 Christian Noboa CM 18 0 5 2017-2019
38%
42 Claudinho AM 101 19 28 2021-2025
38%
139 Claudio Marchisio CM 14 2 0 2018-2019
38%
22 Daler Kuzyaev CM 159 19 25 2017-2023
38%
165 Daniil Odoevskiy GK 10 0 0 2020-2023
38%
114 Dmitriy Poloz LW 26 2 5 2017-2018
38%
166 Du Queiroz CM 10 0 0 2023-2024
38%
77 Emiliano Rigoni RW 57 11 8 2017-2021
38%
56 Erik Hagen CB 80 3 2 2005-2008
38%
65 Ezequiel Garay CB 67 3 4 2014-2017
38%
98 Fernando Meira CB 40 1 4 2009-2012
38%
60 Gustavo Mantuan RW 75 12 12 2022-2025
38%
110 Hernani CM 30 1 2 2016-2019
38%
123 Ho Lee DM 21 1 0 2006-2008
38%
16 Igor Smolnikov RB 179 8 17 2013-2020
38%
181 Ilzat Akhmetov AM 7 0 0 2023-2025
38%
31 Ivica Krizanac CB 131 6 2 2005-2011
38%
72 Kamil Contofalsky GK 59 0 0 2003-2007, 2009-2010
38%
80 Leandro Paredes DM 55 8 15 2017-2019
38%
23 Luís Neto CB 151 1 1 2012-2019
38%
116 Luka Djordjevic ST 25 2 1 2012-2013, 2016-2017
38%
163 Mateja Kežman ST 10 2 0 2009-2010
38%
104 Miha Mevlja CB 37 0 0 2017-2019
38%
105 Pedro LW 37 6 3 2023-2025
38%
19 Radek Sirl LB 162 6 16 2003-2010
38%
146 Robert Renan CB 13 0 0 2022-2024
38%
153 Sébastien Puygrenier CB 12 1 0 2008-2009
38%
156 Sergey Kornilenko ST 11 1 0 2009-2010
38%
86 Strahinja Erakovic CB 49 0 3 2023-2025
38%
62 Szabolcs Huszti LM 69 10 11 2008-2012
38%
182 Vanja Drkusic CB 7 0 0 2024-2025
38%
131 Wilson Isidor ST 17 3 0 2023-2025
38%
185 Yohan Mollo RW 7 1 0 2016-2017
38%
83 Aleksandr Ryazantsev CM 51 2 6 2013-2016
25%
188 Aleksandr Vasyutin GK 6 0 0 2019-2020, 2022-2024
25%
79 Aleksey Ionov RW 56 6 5 2007-2012
25%
103 Anton Zabolotnyi ST 38 2 1 2017-2019
25%
145 Cristian Ansaldi LB 13 1 1 2013-2014
25%
195 Danila Khotulev CB 5 0 0 2020-2022
25%
50 Danil Krugovoy LB 88 2 7 2020-2024
25%
189 Dmitriy Bogaev RB 6 0 0 2015-2016
25%
148 Dmitriy Borodin GK 12 0 0 2000-2001, 2010-2012
25%
63 Dmitriy Chistyakov CB 68 1 3 2020-2024
25%
229 Dmitriy Sergeev CM 1 0 0 2021-2022
25%
57 Dong-jin Kim LB 80 4 4 2006-2010
25%
187 Egor Baburin GK 6 0 0 2012-2013, 2014-2015, 2017-2018
25%
128 Elmir Nabiullin LB 18 0 2 2017-2019
25%
101 Fernando Ricksen RB 39 2 3 2006-2009
25%
174 Ibragim Tsallagov DM 8 0 1 2016-2017
25%
196 Igor Cheminava CB 4 0 0 2010-2013
25%
135 Ilya Maksimov CM 15 0 0 2006-2008
25%
199 Ilya Skrobotov CB 4 1 0 2017-2018
25%
177 Ivan Novoseltsev CB 8 0 0 2016-2017
25%
64 Ivan Sergeev ST 68 20 13 2021-2025
25%
216 Ivan Solovyov LW 1 0 0 2014-2015
25%
212 Kirill Kaplenko DM 2 0 0 2017-2018
25%
126 Leon Musaev DM 19 0 0 2018-2021
25%
41 Magomed Ozdoev DM 104 7 13 2017-2022
25%
96 Maksim Kanunnikov ST 41 2 0 2009-2013
25%
225 Maksim Karpov CB 1 0 0 2017-2018
25%
94 Matías Kranevitter DM 43 0 1 2017-2020
25%
107 Maurício DM 37 2 2 2015-2017
25%
193 Michael Lumb LB 5 0 0 2010-2011, 2012-2013
25%
178 Milan Rodic LB 8 0 0 2012-2013, 2014-2015
25%
61 Milan Vjestica CB 73 1 1 2002-2007
25%
21 Oleksandr Spivak LM 161 35 22 2000-2007
25%
171 Pavel Dolgov ST 9 0 0 2015-2016
25%
192 Ramil Sheydayev ST 5 0 0 2014-2015
25%
158 Renat Yanbaev LB 11 1 0 2012-2013
25%
70 Robert Mak LW 63 9 10 2016-2017, 2018-2020
25%
99 Rodrigão CB 40 2 0 2022-2025
25%
155 Roman Berezovskiy GK 11 0 0 2000-2001
25%
180 Sasa Zdjelar DM 7 0 0 2024-2025
25%
208 Sergey Petrov RB 2 0 0 2010-2011
25%
205 Sergey Volkov RB 3 0 0 2024-2025
25%
161 Stanislav Kritsyuk GK 11 0 0 2021-2022
25%
29 Vladislav Radimov CM 132 10 14 2003-2009
25%
151 Yordan Osorio CB 12 0 0 2019-2020
25%
144 Yuri Alberto ST 13 4 2 2021-2022
25%
124 Yuriy Zhevnov GK 20 0 0 2010-2013
25%
122 Zelimkhan Bakaev RW 21 1 2 2022-2024
25%
223 Aleksandr Burakov DM 1 0 0 2004-2005
13%
117 Aleksandr Panov ST 24 8 4 2000-2001, 2006-2007
13%
162 Aleksandr Petukhov ST 10 0 0 2000-2002
13%
207 Aleksey Baranovskiy AM 3 0 0 2022-2023
13%
176 Aleksey Evseev CM 8 0 0 2011-2012, 2014-2016
13%
222 Aleksey Gasilin ST 1 0 0 2012-2013
13%
58 Aleksey Igonin DM 79 3 7 2000-2004
13%
47 Aleksey Katulskiy CB 90 5 4 2000-2005
13%
206 Aleksey Lazarev RB 3 0 0 2000-2002
13%
39 Aleksey Sutormin RW 108 11 11 2019-2024
13%
138 Alexandru Curtianu AM 15 1 2 2000-2001
13%
92 Andrey Kobelev CM 45 8 7 2000-2002
13%
183 Andrey Kondrashov CB 7 0 0 2000-2001
13%
169 Andrey Nikolaev ST 9 2 0 2002-2004
13%
210 Andrey Panyukov ST 2 0 0 2017-2018
13%
78 Boris Gorovoy DM 57 1 5 2000-2003
13%
82 Daniel Chirita CB 52 2 1 2002-2005
13%
194 Daniil Kuznetsov LW 5 0 0 2021-2022
13%
173 Daniil Shamkin AM 9 0 2 2019-2021
13%
214 Danila Kozlov AM 2 0 0 2022-2023
13%
164 Danila Prokhin CB 10 0 0 2019-2021
13%
220 Danila Yashchuk LW 1 0 0 2012-2013
13%
167 Darius Miceika CM 9 1 1 2002-2003
13%
202 Darko Maletic RM 3 0 0 2004-2005
13%
154 Denis Terentjev RB 11 0 0 2010-2011, 2017-2021
13%
186 Denis Tkachuk LM 7 0 0 2015-2016
13%
81 Denis Ugarov CM 55 0 3 2000-2003
13%
200 Dmitriy Akimov ST 4 0 0 2000-2002
13%
127 Dmitriy Davydov LB 19 0 0 2000-2001, 2002-2003
13%
111 Dmitriy Makarov ST 29 4 1 2002-2005
13%
150 Dmitriy Ogorodnik ST 12 2 1 2000-2003
13%
226 Dmitriy Pletnev AM 1 0 0 2017-2018
13%
235 Dmitriy Telegin RB 0 0 0 2011-2012
13%
159 Dmitriy Vasiljev DM 11 0 0 2023-2025
13%
197 Dragan Cadikovski ST 4 1 0 2005-2006
13%
203 Dzhamaldin Khodzhaniyazov CB 3 0 0 2013-2015
13%
168 Dzhambulad Bazaev RW 9 2 0 2002-2003
13%
157 Evgeniy Chernov LB 11 0 1 2016-2017, 2018-2019
13%
132 Evgeniy Tarasov ST 16 4 1 2000-2003
13%
89 Gennadiy Popovych ST 47 17 3 2000-2002
13%
102 Giuliano AM 38 16 13 2016-2018
13%
130 Igor Nedorezov CB 17 0 0 2000-2004
13%
97 Jan Flachbart RB 41 0 2 2004-2006
13%
218 Jaroslav Nesvadba LB 1 0 0 2006-2007
13%
137 Kirill Kravtsov DM 15 0 0 2020-2022
13%
233 Kirill Stolbov CM 1 0 0 2021-2022
13%
91 Konstantin Konoplev CM 46 2 2 2001-2005
13%
68 Konstantin Lepekhin CB 65 2 1 2000-2003
13%
133 Konstantin Lobov LB 15 0 0 2003-2005
13%
224 Konstantin Troyanov DM 1 0 0 2015-2016
13%
108 Lukas Hartig ST 36 5 2 2003-2006
13%
213 Maksim Arap RW 2 0 0 2000-2001
13%
115 Maksim Astafjev RW 25 5 1 2001-2004
13%
93 Maksim Demenko CM 44 10 1 2000-2002
13%
211 Maksim Palienko AM 2 0 1 2015-2016
13%
191 Marek Kincl ST 6 0 0 2004-2005
13%
87 Martin Horak CB 48 3 1 2003-2005
13%
198 Mikhail Kozlov RW 4 0 0 2005-2006
13%
227 Nikita Kakkoev CB 1 0 0 2017-2018
13%
201 Ognjen Mimovic RB 4 0 0 2024-2025
13%
172 Oleg Kozhanov CF 9 1 0 2005-2006
13%
149 Oleg Trifonov LM 12 0 0 2005-2007
13%
73 Oleg Vlasov AM 59 4 0 2003-2007
13%
40 Pavel Mares LB 106 10 4 2003-2007
13%
134 Pavel Mogilevets CM 15 0 0 2012-2013, 2014-2015, 2016-2017
13%
143 Predrag Randjelovic ST 13 1 0 2002-2004
13%
113 Robertas Poskus ST 26 3 0 2005-2007
13%
51 Sargis Hovsepyan RB 86 0 2 2000-2004
13%
234 Sergey Chibisov CB 1 0 0 2020-2021
13%
90 Sergey Osipov RW 46 3 6 2000-2004
13%
184 Sergey Vasyanovich RW 7 1 2 2001-2002
13%
204 Stanislav Krapukhin ST 3 0 0 2020-2021
13%
118 Valentin Filatov LB 23 1 1 2002-2003
13%
59 Valeriy Tsvetkov LB 75 2 1 2000-2003, 2005-2006
13%
74 Velice Sumulikoski DM 59 1 0 2004-2007
13%
170 Vladimir Mudrinic AM 9 1 0 2002-2003
13%
152 Vladimir Nagibin CM 12 0 0 2000-2001
13%
232 Vladislav Saus RM 1 0 0 2022-2023
13%
217 Vyacheslav Zinkov DM 1 0 0 2012-2013
13%
231 Yaroslav Mikhailov CM 1 0 0 2022-2023
13%
142 Young-min Hyeon LB 13 1 0 2005-2007
13%
219 Yuriy Bavin CM 1 0 0 2015-2016
13%
228 Yuriy Lebedev RB 1 0 0 2007-2008
13%
209 Zeno Bundea AM 2 0 0 2002-2003
13%
215 Fedor Usov RB 2 0 0 2000-2001
0%
179 Yuriy Yaskov ST 8 1 0 2000-2001
0%
No matching quizzes found
Score Distribution
Percent of People with Each Score
Percentile by Number Answered
Your Score History
You have not taken this quiz